<?xml version="1.0" encoding="UTF-8"?>
<record
    xmlns:xsi="http://www.w3.org/2001/XMLSchema-instance"
    xsi:schemaLocation="http://www.loc.gov/MARC21/slim http://www.loc.gov/standards/marcxml/schema/MARC21slim.xsd"
    xmlns="http://www.loc.gov/MARC21/slim">

  <leader>00862caa a22002417a 4500</leader>
  <datafield tag="999" ind1=" " ind2=" ">
    <subfield code="c">409862</subfield>
    <subfield code="d">409862</subfield>
  </datafield>
  <controlfield tag="001"> 123079 </controlfield>
  <controlfield tag="003">UA-OsUOA</controlfield>
  <controlfield tag="005">20200111202625.0</controlfield>
  <controlfield tag="007">ta</controlfield>
  <controlfield tag="008">20170530b un ||||| |||| 00| 0 ukr d</controlfield>
  <datafield tag="040" ind1=" " ind2=" ">
    <subfield code="a">UA-OsUOA</subfield>
    <subfield code="b">ukr</subfield>
    <subfield code="c">UA-OsUOA</subfield>
    <subfield code="d">UA-OsUOA</subfield>
  </datafield>
  <datafield tag="041" ind1=" " ind2=" ">
    <subfield code="a">ukr</subfield>
  </datafield>
  <datafield tag="080" ind1=" " ind2=" ">
    <subfield code="a">908</subfield>
  </datafield>
  <datafield tag="090" ind1=" " ind2=" ">
    <subfield code="a">908</subfield>
    <subfield code="b">&#x41A;23</subfield>
  </datafield>
  <datafield tag="100" ind1=" " ind2=" ">
    <subfield code="a">&#x41A;&#x430;&#x440;&#x43B;&#x456;&#x43D;&#x430; &#x41E;.</subfield>
  </datafield>
  <datafield tag="245" ind1=" " ind2=" ">
    <subfield code="a">&#x414;&#x43E;&#x43A;&#x443;&#x43C;&#x435;&#x43D;&#x442;&#x438; "&#x410;&#x440;&#x445;&#x456;&#x432;&#x443; &#x420;&#x430;&#x434;&#x437;&#x456;&#x432;&#x456;&#x43B;&#x43B;&#x456;&#x432;" &#x44F;&#x43A; &#x434;&#x436;&#x435;&#x440;&#x435;&#x43B;&#x430; &#x437; &#x456;&#x441;&#x442;&#x43E;&#x440;&#x456;&#x457; &#x412;&#x43E;&#x43B;&#x438;&#x43D;&#x456; XVI&#x406;&#x406;&#x2013;&#x425;&#x406;&#x425; &#x441;&#x442;.</subfield>
    <subfield code="c">&#x41E;. &#x41A;&#x430;&#x440;&#x43B;&#x456;&#x43D;&#x430;</subfield>
  </datafield>
  <datafield tag="300" ind1=" " ind2=" ">
    <subfield code="a">&#x421;. 286&#x2013;293</subfield>
  </datafield>
  <datafield tag="650" ind1=" " ind2="7">
    <subfield code="a">908 &#x41A;&#x440;&#x430;&#x454;&#x437;&#x43D;&#x430;&#x432;&#x441;&#x442;&#x432;&#x43E;</subfield>
    <subfield code="2">UDC</subfield>
  </datafield>
  <datafield tag="773" ind1="0" ind2=" ">
    <subfield code="0">315674</subfield>
    <subfield code="9">328251</subfield>
    <subfield code="d">&#x41E;&#x441;&#x442;&#x440;&#x43E;&#x433;-&#x41D;&#x44C;&#x44E;-&#x419;&#x43E;&#x440;&#x43A; &#x423;&#x406;&#x422; 1999</subfield>
    <subfield code="o">91190</subfield>
    <subfield code="t">&#x41E;&#x441;&#x44F;&#x433;&#x43D;&#x435;&#x43D;&#x43D;&#x44F; &#x456;&#x441;&#x442;&#x43E;&#x440;&#x456;&#x457;</subfield>
    <subfield code="w">(UA-OsUOA) 29291 </subfield>
    <subfield code="z">966-95166-7-6</subfield>
  </datafield>
  <datafield tag="942" ind1=" " ind2=" ">
    <subfield code="c">BKA</subfield>
    <subfield code="2">udc</subfield>
  </datafield>
  <datafield tag="955" ind1=" " ind2=" ">
    <subfield code="a">1</subfield>
  </datafield>
</record>
